000 00695nam a22002177a 4500
003 UA-OsUOA
001 128908
007 ta
008 20180201b un ||||| |||| 00| 0 ukr d
100 _aФурса В.
090 _a82
_bФ95
942 _cSA
040 _aUA-OsUOA
_bukr
_cUA-OsUOA
_dUA-OsUOA
245 _aЛексико-семантична типологія дієслівного керування в українській літературній мові
300 _aС.120-132
955 _a0
041 _aukr
080 _a82
773 0 _w128905
_tУкраїнська мова
_dК.
_d2017
_g3
650 7 _a82 Література. Літературознавство
_2UDC
999 _c416663
_d416663